000 01064nas a2200241 454500
001 26314
005 20260407193507.0
008 260407s1956####ag###########|||spa#d
003 AR-UNSa-BCEJYS
040 _aAR-UNSa-BCEJYS
_bspa
_cAR-UNSa-BCEJYS
080 _a311.3
_xOrganización general de las estadisticas. Estadística oficial
245 1 0 _aBoletin mensual de estadística
264 1 _aBuenos Aires :
_bDirección Nacional de Estadística y Censos
_c1956
310 _aFrecuencia: Mensual Cambia de título a partir del Nº 1, Enero/Marzo de 1963 por Boletín de Estadística, la frecuencia cambia por trimestral.
942 _cSER
590 _aniveau_biblio:s niveau_hierar:1
100 1 _aArgentina. Dirección Nacional de Estadística y Censos
650 _aArgentina
650 _aESTADISTICA
650 _aDatos estadísticos
650 _aINDICADORES ECONOMICOS
856 4 1 _uhttps://biblioeco.unsa.edu.ar/pmb/images/revistas/Boletin mensual de estad?stica Argentina. Direcci?n Nacional de Estad?stica y Censos.jpg
_yImagen de portada
_qimage/jpeg
999 _c8603
_d8603